Why is there no labor party in the United States?

Bibliographic Details
Main Author: Archer, Robin.
Corporate Author: ProQuest (Firm)
Format: Electronic eBook
Language:English
Published: Princeton : Princeton University Press, c2007.
Series:Princeton studies in American politics.
Subjects:
Online Access:Click to View
LEADER 01638nam a2200433 a 4500
001 EBC646777
003 MiAaPQ
005 20200520144314.0
006 m o d |
007 cr cn|||||||||
008 070523s2007 njuab sb 001 0 eng d
010 |z  2007020626 
020 |z 9780691127019 (alk. paper) 
020 |z 0691127018 (alk. paper) 
020 |z 9780691149349 
020 |a 9781400837540 (electronic bk.) 
035 |a (MiAaPQ)EBC646777 
035 |a (Au-PeEL)EBL646777 
035 |a (CaPaEBR)ebr10442045 
035 |a (CaONFJC)MIL296470 
035 |a (OCoLC)701704293 
040 |a MiAaPQ  |c MiAaPQ  |d MiAaPQ 
043 |a n-us---  |a u-at--- 
050 4 |a HD6510  |b .A73 2007 
082 0 4 |a 322/.20973  |2 22 
100 1 |a Archer, Robin. 
245 1 0 |a Why is there no labor party in the United States?  |h [electronic resource] /  |c Robin Archer. 
260 |a Princeton :  |b Princeton University Press,  |c c2007. 
300 |a xvii, 348 p. :  |b ill., map. 
490 1 |a Princeton studies in American politics 
504 |a Includes bibliographical references and index. 
533 |a Electronic reproduction. Ann Arbor, MI : ProQuest, 2015. Available via World Wide Web. Access may be limited to ProQuest affiliated libraries. 
650 0 |a Labor unions  |x Political activity  |z United States  |x History. 
650 0 |a Labor unions  |x Political activity  |z Australia  |x History. 
650 0 |a Political sociology. 
655 4 |a Electronic books. 
710 2 |a ProQuest (Firm) 
830 0 |a Princeton studies in American politics. 
856 4 0 |u https://ebookcentral.proquest.com/lib/matrademy/detail.action?docID=646777  |z Click to View